Statistics for Vermont Cities Map Quiz

Click here to take the quiz!

General Stats

  • This quiz has been taken 53 times
  • The average score is 5 of 8

Answers on the Map

Answers color-coded by a green-red scale on the quiz's map according to % correct below.
 

Answer Stats

Answer% Correct
Montpelier
100%
Burlington
98%
Rutland
74%
Brattleboro
64%
St. Albans
57%
Bennington
55%
Newport
48%
Springfield
48%

Score Distribution

Percentile by Number Answered

Percent of People with Each Score

Your Score History

You have not taken this quiz